| 000 | 00970nam a22003017a 4500 | ||
|---|---|---|---|
| 003 | CHAP | ||
| 005 | 20220329135522.0 | ||
| 008 | 971013s1972 r 00010 d | ||
| 010 | _a37959 | ||
| 011 | _a38931 | ||
| 035 | _a43051 | ||
| 040 | _cCHAP | ||
| 082 |
_a330.972 _bQ8 |
||
| 100 | 0 | 0 |
_aQuintanar Arellano, Francisco. _993387 |
| 245 | _aGeografía económico agrícola de México | ||
| 260 |
_a(s.l.) : _b(s.e.), _c1972 |
||
| 300 |
_a339 p. _b: ilus. mapas |
||
| 590 |
_aBATCH-UPD _b10 _c20130110 _lUCH01 _h1759 |
||
| 590 |
_aBATCH-UPD _b10 _c20130410 _lUCH01 _h1136 |
||
| 590 |
_aBATCH-UPD _b10 _c20130914 _lUCH01 _h1540 |
||
| 590 |
_aCONVERSION _b10 _c20130109 _lUCH01 _h1321 |
||
| 650 | 1 | 4 |
_aAgricultura _xAspectos economicos _zMexico. _91312 |
| 650 | 1 | 4 |
_aGeografía agrícola _xMéxico. _947570 |
| 650 | 1 | 4 |
_aGeografía económica _zMéxico. _947588 |
| 901 | _aBK | ||
| 942 | _cLIBRO | ||
| 949 |
_a330.972 Q8 _bBC _cLIBRO _d33724000939823 _eLIBRO _fc.2 _h27645 _i43051 _si |
||
| 999 |
_c37959 _d37959 |
||